<?xml version="1.0" encoding="UTF-8"?>
<record
    xmlns:xsi="http://www.w3.org/2001/XMLSchema-instance"
    xsi:schemaLocation="http://www.loc.gov/MARC21/slim http://www.loc.gov/standards/marcxml/schema/MARC21slim.xsd"
    xmlns="http://www.loc.gov/MARC21/slim">

  <leader>01381nam a2200289 i 4500</leader>
  <controlfield tag="001">128946</controlfield>
  <controlfield tag="003">ES-MaACL</controlfield>
  <controlfield tag="005">20250910213919.0</controlfield>
  <controlfield tag="007">t|</controlfield>
  <controlfield tag="008">070531s1963    sp           ||||1| spa d</controlfield>
  <datafield tag="080" ind1=" " ind2=" ">
    <subfield code="a">821.111(417)-2"18"/19"(082.2)</subfield>
  </datafield>
  <datafield tag="245" ind1="0" ind2="0">
    <subfield code="a">Teatro irland&#xE9;s contempor&#xE1;neo / </subfield>
    <subfield code="c">traducciones del ingl&#xE9;s por Luis Escolar, Isabel Gil de Ramales, Amando L&#xE1;zaro Ros, Charles David Ley, Juan Mart&#xED;n y Victor S&#xE1;nchez de Zavala ; pr&#xF3;logo de Charles David Ley.</subfield>
  </datafield>
  <datafield tag="260" ind1=" " ind2=" ">
    <subfield code="a">Madrid : </subfield>
    <subfield code="b">Aguilar, </subfield>
    <subfield code="c">[1963]</subfield>
  </datafield>
  <datafield tag="300" ind1=" " ind2=" ">
    <subfield code="a">378 p. : </subfield>
    <subfield code="b">il. ; </subfield>
    <subfield code="c">20 cm.</subfield>
  </datafield>
  <datafield tag="490" ind1="1" ind2=" ">
    <subfield code="a">Colecci&#xF3;n Teatro Contemporaneo</subfield>
  </datafield>
  <datafield tag="505" ind1="8" ind2=" ">
    <subfield code="a">Contiene: La condesa Catalina / W.B. Yeats.-- El saltimbanqui del mundo occidental / J.M. Synge.-- A la salida de la luna / Lady Gregory.-- Una noche en la posada / Lord Dunsany.-- Juno y el pavo real / Sean O'Casey.-- La luna en el r&#xED;o amarillo / Denis Johnston</subfield>
  </datafield>
  <datafield tag="700" ind1="1" ind2=" ">
    <subfield code="a">Escolar, Luis.</subfield>
    <subfield code="9">47603</subfield>
  </datafield>
  <datafield tag="700" ind1="1" ind2=" ">
    <subfield code="a">Gil de Ramales, Isabel.</subfield>
    <subfield code="9">56799</subfield>
  </datafield>
  <datafield tag="700" ind1="1" ind2=" ">
    <subfield code="a">L&#xE1;zaro Ros, Amando.</subfield>
    <subfield code="9">70807</subfield>
  </datafield>
  <datafield tag="700" ind1="1" ind2=" ">
    <subfield code="a">Ley, Charles David,</subfield>
    <subfield code="d">1913-1996</subfield>
    <subfield code="9">72088</subfield>
  </datafield>
  <datafield tag="700" ind1="1" ind2=" ">
    <subfield code="a">Mart&#xED;n, Juan.</subfield>
    <subfield code="9">77330</subfield>
  </datafield>
  <datafield tag="700" ind1="1" ind2=" ">
    <subfield code="a">S&#xE1;nchez de Zavala, V&#xED;ctor, </subfield>
    <subfield code="d">1926-1996</subfield>
    <subfield code="9">102601</subfield>
  </datafield>
  <datafield tag="700" ind1="1" ind2=" ">
    <subfield code="a">Ley, Charles David,</subfield>
    <subfield code="d">1913-1996</subfield>
    <subfield code="9">72088</subfield>
  </datafield>
  <datafield tag="830" ind1="0" ind2="0">
    <subfield code="a">Colecci&#xF3;n teatro contempor&#xE1;neo (Aguilar)</subfield>
    <subfield code="9">219312</subfield>
  </datafield>
  <datafield tag="852" ind1=" " ind2=" ">
    <subfield code="a">ES-MaACL</subfield>
    <subfield code="j">C-24910 </subfield>
    <subfield code="b">R.53605</subfield>
  </datafield>
  <datafield tag="999" ind1=" " ind2=" ">
    <subfield code="c">128946</subfield>
    <subfield code="d">128946</subfield>
  </datafield>
  <datafield tag="952" ind1=" " ind2=" ">
    <subfield code="0">0</subfield>
    <subfield code="1">0</subfield>
    <subfield code="4">0</subfield>
    <subfield code="7">0</subfield>
    <subfield code="a">ATENEOM</subfield>
    <subfield code="b">ATENEOM</subfield>
    <subfield code="c">DEPO2</subfield>
    <subfield code="d">2008-01-17</subfield>
    <subfield code="e">SC</subfield>
    <subfield code="l">0</subfield>
    <subfield code="o">C-24910</subfield>
    <subfield code="p">1134285</subfield>
    <subfield code="r">2023-02-23 00:00:00</subfield>
    <subfield code="w">2023-02-23</subfield>
    <subfield code="y">MONOGRAFIA</subfield>
  </datafield>
</record>
